Empowering Marginalized Communities in India: (Record no. 190015)

MARC details
000 -LEADER
fixed length control field 00692nam a22001937a 4500
005 - DATE AND TIME OF LATEST TRANSACTION
control field 20220715155328.0
010 ## - LCCN (DPL NO)
LC control number ENG-133608
020 ## - INTERNATIONAL STANDARD BOOK NUMBER
International Standard Book Number 9789391370237
Terms of availability 1250.00
035 ## - SYSTEM CONTROL NUMBER
System control number EN-117140
037 ## - SOURCE OF ACQUISITION
Source of stock number/acquisition DBAD/PUB
082 ## - DEWEY DECIMAL CLASSIFICATION NUMBER
Classification number 305.560954
245 ## - TITLE STATEMENT
Title Empowering Marginalized Communities in India:
Remainder of title The Impact of Higher Education/
Statement of responsibility, etc Edited by M.J. Vinod and S.Y. Surendra Kumar
260 ## - PUBLICATION, DISTRIBUTION, ETC. (IMPRINT)
Place of publication, distribution, etc New Delhi
Name of publisher, distributor, etc Sage Publications India Pvt. Ltd
Date of publication, distribution, etc 2021
270 ## - ADDRESS
Address B-1/I-I Mohan Cooperative Industrial Area Mathura Road,
City New Delhi
Postal code 110044
300 ## - PHYSICAL DESCRIPTION
Extent xv, 276p.
Dimensions 22cm(hb)
700 ## - ADDED ENTRY--PERSONAL NAME
Personal name Vinod, M.J.
700 ## - ADDED ENTRY--PERSONAL NAME
Personal name Kumar, S.Y. Surendra
942 ## - ADDED ENTRY ELEMENTS (KOHA)
Source of classification or shelving scheme Dewey Decimal Classification
Item type English Books
Classification part 305.560954
Call number suffix EMP
Holdings
Withdrawn status Lost status Not for loan Collection code Home library Current library Date acquired Source of acquisition Cost, normal purchase price Full call number Barcode Copy number Cost, replacement price Koha item type
      Non-fiction Bawana Bawana 15/07/2022 DBAD/PUB 1250.00 305.560954 EMP EN-117140 1 1250.00 English Books

© Delhi Public Library
Hit Counter
free hit counter